| 000 | 00650nam a2200217 a 4500 | ||
|---|---|---|---|
| 001 | BRCA_3541 | ||
| 005 | 20190320204327.0 | ||
| 008 | 300709m18671868au #---###---#000-0#ger-# | ||
| 041 | _ager | ||
| 044 | _aau | ||
| 050 | 4 |
_aF1233.M3 _b.M84 1867 |
|
| 100 | 1 |
_aMühlwasser, Edmund _99188 |
|
| 245 | 1 | 0 |
_aKaiser Maximilian I oder Schicksal und Kaiserkrone _cvon Edmund Mühlwasser. |
| 260 |
_aWien _bC. F. Bartelmus _c1867-1868 |
||
| 300 |
_a2 v. _c22 cm. |
||
| 500 | _aB208 | ||
| 600 | 1 | 4 |
_aMaximiliano _cEmperador de México _d1832-1867 _94582 |
| 651 | 4 |
_aMéxico _xHistoria _yIntervención francesa, 1861-1867 _99189 |
|
| 902 | _aGFM | ||
| 942 |
_2lcc _cB |
||
| 999 |
_c3276 _d3276 |
||